Derechos fundamentales contemporáneos (Registro nro. 171595)
[ vista simple ]
| 000 -LEADER | |
|---|---|
| fixed length control field | 02166nam a22002537a 4500 |
| 007 - PHYSICAL DESCRIPTION FIXED FIELD--GENERAL INFORMATION | |
| fixed length control field | cr|||| |||| |
| 008 - FIXED-LENGTH DATA ELEMENTS--GENERAL INFORMATION | |
| fixed length control field | 220517s2021 es |||||s|||| 00||0 spa d |
| 020 ## - INTERNATIONAL STANDARD BOOK NUMBER | |
| International Standard Book Number | 978-84-124109-9-0 |
| 035 ## - | |
| -- | 35653 |
| 040 ## - CATALOGING SOURCE | |
| Original cataloging agency | vLex |
| 090 ## - | |
| -- | 13359 |
| -- | 13359 |
| 100 1# - MAIN ENTRY--PERSONAL NAME | |
| Personal name | Torres Manrique, Jorge Isaac |
| 245 10 - TITLE STATEMENT | |
| Title | Derechos fundamentales contemporáneos |
| Medium | [Recurso electrónico] : |
| Remainder of title | Enfoques actuales y futuros / |
| Statement of responsibility, etc | Jorge Isaac Torres Manrique |
| 256 ## - | |
| -- | Servicio en línea |
| 260 ## - PUBLICATION, DISTRIBUTION, ETC. (IMPRINT) | |
| Place of publication, distribution, etc | Barcelona: |
| Name of publisher, distributor, etc | J.M. Bosch Editor, |
| Date of publication, distribution, etc | 2021 |
| 300 ## - PHYSICAL DESCRIPTION | |
| Extent | 1 recurso electrónico |
| 500 ## - GENERAL NOTE | |
| General note | «La obra que tengo el gusto de prologar, refleja algunas de las principales preocupaciones del Constitucionalismo en la actualidad, apelando a una estrategia expositiva que destaca las amenazas, desafíos y oportunidades en distintas áreas temáticas. En esta línea, en la presente obra se identifican algunos ejes neurálgicos del sistema constitucional y realiza un recorrido amplio sobre diferentes condiciones que enfrenta el Constitucionalismo en la actualidad y su conexión insoslayable con los derechos fundamentales. En este sentido, el libro es útil tanto para un lector versado en el Derecho Constitucional como para un estudiante o público en general, porque tiene el mérito de orientar sobre problemáticas recurrentes de esta rama de la Ciencia Jurídica, aunque, a la vez, le incorpora actualidad y un perfil distintivo. En síntesis, este trabajo recoge cuestiones de relevancia jurídica, escrita en un lenguaje de fácil acceso, pero sin perder profundidad. Su lectura puede fácilmente ser valorada por profesores, académicos, operadores jurídicos, estudiantes y público en general». |
| 506 1# - RESTRICTIONS ON ACCESS NOTE | |
| Terms governing access | Disponible solo en los productos indicados |
| Authorized users | vLex Global |
| -- | vLex Global (Academic Edition, excluding Law Schools) |
| -- | vLex Global (U.S. Academic Edition, Law Schools) |
| -- | vLex Global (U.S. Academic Edition, excluding Law Schools) |
| -- | vLex Global (Academic Edition, Law Schools) |
| 650 04 - SUBJECT ADDED ENTRY--TOPICAL TERM | |
| Topical term or geographic name as entry element | Derecho Constitucional |
| Geographic subdivision | España |
| 740 0# - | |
| -- | vLex Libros (Servicio en línea) |
| 856 40 - LOCALIZACIÓN Y ACCESO ELECTRÓNICO | |
| Identificador Uniforme del Recurso (URI/URL) | https://app.vlex.com/#/sources/35653 |
| 942 ## - | |
| -- | RAA |
| 999 ## - | |
| -- | 171595 |
| -- | 171595 |
No hay ítems disponibles.